| 000 | 00644cam a22002534a 4500 | ||
|---|---|---|---|
| 003 | UPN | ||
| 005 | 20220908194449.0 | ||
| 008 | 090304s2006 ck r 000 f spa d | ||
| 020 | _a9587044142 | ||
| 035 | _aUPN01000169707 | ||
| 040 |
_aUPN _bspa _cUPN |
||
| 049 | _aI | ||
| 050 | 4 |
_aPQ8180.41 L88 _bM36 |
|
| 100 | 1 |
_aÁlvarez, Sergio, _d1965- _934270 |
|
| 245 | 1 | 0 | _aMapaná. |
| 250 | _aPrimera edición | ||
| 260 |
_aBogotá : _bAlfaguara, _c2006. |
||
| 300 | _a109 páginas | ||
| 490 | 0 | _aAlfaguara juvenil | |
| 650 | 4 |
_aNovela colombiana _95359 |
|
| 650 | 0 |
_aHistorias de aventuras _94131 |
|
| 905 | _aLibro | ||
| 942 |
_2lcc _cLIBRO |
||
| 999 |
_c141813 _d141813 |
||